|
|
|
|
| LEADER |
00000nab a2200000 a 4500 |
| 001 |
vtls010967297 |
| 003 |
SK-MaSNL |
| 005 |
20260304024739.0 |
| 008 |
151019c20150910xo dr| z0 0slo |
| 038 |
|
|
|a KEVKJB
|
| 040 |
|
|
|a KEVKJB
|b slo
|c KEVKJB
|e AACR2
|
| 041 |
0 |
|
|a slo
|
| 044 |
|
|
|a xo
|c SK
|
| 080 |
|
|
|a 721:904
|2 2001
|
| 100 |
1 |
|
|a Ferko, Ľubomír
|4 aut
|9 458993
|
| 245 |
1 |
0 |
|a Baťov Dom zíva prázdnotou
|b majiteľ zo Žiliny tvrdí, že budova je v prenájme, ale chystá jej predaj
|c Ľubo Ferko
|
| 300 |
|
|
|b Fotogr.
|
| 600 |
1 |
7 |
|a Baťa, Tomáš,
|d 1876-1932
|2 kevkjb
|9 202611
|
| 610 |
2 |
7 |
|a Dom obuvi (Košice, Slovensko)
|2 kevkjb
|9 1021239
|
| 650 |
0 |
7 |
|a historické budovy
|2 kevkjb
|9 31778
|
| 651 |
|
7 |
|a Košice (Slovensko)
|2 kevkjb
|9 18694
|
| 773 |
0 |
|
|t košice:dnes
|g Roč. 2, č. 173 (10.9.2015), s. 6
|x 1339-7605
|
| 852 |
|
|
|a KEVKJB
|b KIS3GCP
|
| 856 |
4 |
1 |
|u http://www.kosicednes.sk/batov-dom-obuvi-ziva-prazdnotou/
|
| 999 |
|
|
|c 2623398
|d 2625328
|